Witchfinder Omnibus Volume 1 /

The collected adventures of England's greatest occult investigator! When the man called the Witchfinder becomes an agent of the Queen, he is led from the sparkling echelons of Victorian London to its dark underbelly, through the American West, and to explore the mysteries of Unland! Throughout...

Full description

Bibliographic Details
Corporate Author: Library Pass, LLC
Other Authors: Arcudi, John (writer.), McHugh, Maura (writer.), Mignola, Mike (writer.)
Format: eBook
Language:English
Published: [United States] : Dark Horse, 2020.
Subjects:
Online Access:Connect to this electronic book (First time users create your free account)

MARC

Tag First Indicator Second Indicator Subfields
LEADER 00000nmm a22000001a 4500
001 in00004625621
006 m|||||o||m||||||||
007 cr|cn |||uuuuu
008 221118s2020 xxu||||eo|||| ||||||eng d
005 20221207221251.1
035 |a (TxWaIVM)IV77306DaWi 
040 |a TxWaIVM  |c TxWaIVM 
245 0 0 |a Witchfinder Omnibus Volume 1 /  |c powered by Library Pass. 
260 3 |a [United States] :  |b Dark Horse,  |c 2020. 
300 |a 1 online resource. 
336 |a text  |b txt  |2 rdacontent 
337 |a computer  |b c  |2 rdamedia 
338 |a online resource  |b cr  |2 rdacarrier 
520 |a The collected adventures of England's greatest occult investigator! When the man called the Witchfinder becomes an agent of the Queen, he is led from the sparkling echelons of Victorian London to its dark underbelly, through the American West, and to explore the mysteries of Unland! Throughout his adventures, he'll face occult conspiracies, rampaging monsters, and London's most infamous secret society: the Heliopic Brotherhood of Ra! This first omnibus edition collects Sir Edward Grey: Witchfinder volumes 1-3, complete with extensive sketchbook section. 
521 |a 3 
538 |a Requires a valid library card and registration for new users. 
538 |a Mode of access: World Wide Web. 
538 |a System requirements: Flash 10.1 or higher, Windows XP and higher, Internet Explorer 7 and higher, Firefox 3.6 and higher, Google Chrome; Max OS 10.5 and higher, Safari 4 and higher. 
650 0 |a Comic books, strips, etc. 
655 7 |a Electronic books.  |2 local 
655 7 |a Comic books, strips, etc.  |2 gsafd 
650 0 |a Comic books, strips, etc. --History 
655 7 |a Comic books, strips, etc. --History  |2 gsafd 
650 0 |a Horror comic books, strips, etc. 
655 7 |a Horror comic books, strips, etc.  |2 gsafd 
650 0 |a Suspense comic books, strips, etc. 
655 7 |a Suspense comic books, strips, etc.  |2 gsafd 
650 0 |a Fantasy comic books, strips, etc. 
655 7 |a Fantasy comic books, strips, etc.  |2 gsafd 
700 1 |a Arcudi, John.  |e writer. 
700 1 |a McHugh, Maura.  |e writer. 
700 1 |a Mignola, Mike.  |e writer. 
700 1 |a Steinbeck, Beck.  |e artist. 
700 1 |a Severin, John.  |e artist. 
710 2 |a Library Pass, LLC. 
856 4 0 |u http://proxy.library.tamu.edu/login?url=https://tamu.librarypass.com/product/com.iversecomics.dark.horse.witchfinder.omnibus.volume.1.english.01072020  |z Connect to this electronic book (First time users create your free account)  |t 0 
955 |a Comics Plus. 
999 f f |s dba66675-12eb-450d-98fb-d53cd7a3c9d7  |i 0840f1cc-47eb-40c9-81cf-8da7bbd970b8  |t 0 
952 f f |a Texas A&M University  |b College Station  |c Electronic Resources  |d Available Online  |t 0  |h Library of Congress classification 
998 f f |t 0  |l Available Online